<?xml version="1.0" encoding="UTF-8"?>
<record
    xmlns:xsi="http://www.w3.org/2001/XMLSchema-instance"
    xsi:schemaLocation="http://www.loc.gov/MARC21/slim http://www.loc.gov/standards/marcxml/schema/MARC21slim.xsd"
    xmlns="http://www.loc.gov/MARC21/slim">

  <leader>02642nam a22002777a 4500</leader>
  <controlfield tag="001">9207</controlfield>
  <controlfield tag="003">FISKH</controlfield>
  <controlfield tag="005">20251202085807.0</controlfield>
  <controlfield tag="008">251202b        cb ||||| |||| 00| 0 eng d</controlfield>
  <datafield tag="040" ind1=" " ind2=" ">
    <subfield code="a">FISKH</subfield>
    <subfield code="b">khr</subfield>
    <subfield code="c">FISKH</subfield>
    <subfield code="d">FISKH</subfield>
  </datafield>
  <datafield tag="050" ind1=" " ind2=" ">
    <subfield code="a">PZ7</subfield>
  </datafield>
  <datafield tag="082" ind1=" " ind2=" ">
    <subfield code="a">398.2</subfield>
  </datafield>
  <datafield tag="100" ind1=" " ind2=" ">
    <subfield code="a">Anonymous </subfield>
  </datafield>
  <datafield tag="245" ind1=" " ind2=" ">
    <subfield code="a">&#x1780;&#x17BC;&#x1793;&#x1798;&#x17B6;&#x1793;&#x17CB;&#x179B;&#x17B8;&#x179B;&#x17B8; /</subfield>
    <subfield code="c">By Anonymous</subfield>
  </datafield>
  <datafield tag="260" ind1=" " ind2=" ">
    <subfield code="a">Phnom Penh :</subfield>
  </datafield>
  <datafield tag="300" ind1=" " ind2=" ">
    <subfield code="a">16 pages : </subfield>
    <subfield code="b">color illustrations ; </subfield>
    <subfield code="c">21 cm . </subfield>
  </datafield>
  <datafield tag="505" ind1=" " ind2=" ">
    <subfield code="a">J 
</subfield>
  </datafield>
  <datafield tag="520" ind1=" " ind2=" ">
    <subfield code="a">&#x179B;&#x17B8;&#x179B;&#x17B8;&#x1780;&#x17C6;&#x1796;&#x17BB;&#x1784;&#x1785;&#x17B9;&#x1780;&#x1785;&#x17C6;&#x178E;&#x17B8;&#x179F;&#x17D2;&#x179A;&#x17B6;&#x1794;&#x17CB;&#x178F;&#x17C2;&#x1798;&#x17B6;&#x1793;&#x1795;&#x17D2;&#x179B;&#x17C2;&#x179F;&#x17C2;&#x1793;&#x1792;&#x17D2;&#x179B;&#x17B6;&#x1780;&#x17CB;&#x179B;&#x17BE;&#x1780;&#x17D2;&#x1794;&#x17B6;&#x179B;&#x179C;&#x17B6;&#x200B; &#x179C;&#x17B6;&#x1785;&#x17D2;&#x179A;&#x179B;&#x17C6;&#x1798;&#x17C1;&#x1783;&#x1780;&#x17C6;&#x1796;&#x17BB;&#x1784;&#x1792;&#x17D2;&#x179B;&#x17B6;&#x1780;&#x17CB;&#x179C;&#x17B6;&#x1780;&#x17CF;&#x1798;&#x17B6;&#x1793;&#x1794;&#x17C6;&#x178E;&#x1784;&#x1785;&#x1784;&#x17CB;&#x1794;&#x17D2;&#x179A;&#x17B6;&#x1794;&#x17CB;&#x179A;&#x17BF;&#x1784;&#x1793;&#x17C1;&#x17C7;&#x1791;&#x17C5;&#x178A;&#x179B;&#x17CB;&#x179F;&#x17D2;&#x178F;&#x17C1;&#x1785; &#x17D4;&#x200B; &#x1793;&#x17C5;&#x178F;&#x17B6;&#x1798;&#x1795;&#x17D2;&#x179B;&#x17BC;&#x179C;&#x179C;&#x17B6;&#x1794;&#x17B6;&#x1793;&#x1787;&#x17BD;&#x1794;&#x1793;&#x17B9;&#x1784; &#x1798;&#x17B6;&#x1793;&#x17CB;&#x1782;&#x1780; &#x1780;&#x17D2;&#x1784;&#x17B6;&#x1793; &#x1798;&#x17B6;&#x1793;&#x17CB;&#x1794;&#x17B6;&#x179A;&#x17B6;&#x17C6;&#x1784;&#x200B; &#x179F;&#x178F;&#x17D2;&#x179C;&#x1791;&#x17B6;&#x17C6;&#x1784;&#x1793;&#x17C1;&#x17C7;&#x1780;&#x17CF;&#x179F;&#x17BB;&#x17C6;&#x179B;&#x17B8;&#x179B;&#x17B8;&#x1791;&#x17C5;&#x1787;&#x17B6;&#x1798;&#x17BD;&#x1799;&#x178A;&#x17C2;&#x179A; &#x17D4; &#x1780;&#x17D2;&#x179A;&#x17C4;&#x1799;&#x1798;&#x1780;&#x179C;&#x17B6;&#x1780;&#x17CF;&#x17B6;&#x1794;&#x17B6;&#x1793;&#x1787;&#x17BD;&#x1794;&#x1780;&#x1789;&#x17D2;&#x1787;&#x17D2;&#x179A;&#x17C4;&#x1784;&#x1798;&#x17BD;&#x1799;&#x1780;&#x17D2;&#x1794;&#x17B6;&#x179B; &#x1780;&#x1789;&#x17D2;&#x1787;&#x17D2;&#x179A;&#x17C4;&#x1784;&#x1780;&#x17CF;&#x1794;&#x17D2;&#x179A;&#x17BE;&#x179B;&#x17D2;&#x1794;&#x17B7;&#x1785;&#x178A;&#x17BE;&#x1798;&#x17D2;&#x1794;&#x17B8;&#x179F;&#x17BB;&#x17B8;&#x179F;&#x178F;&#x17D2;&#x179C;&#x1791;&#x17B6;&#x17C6;&#x1784;&#x1793;&#x17C4;&#x17C7; &#x17D4; &#x179C;&#x17B6;&#x1780;&#x17CF;&#x1793;&#x17B6;&#x17C6;&#x179F;&#x178F;&#x17D2;&#x179C;&#x1791;&#x17B6;&#x17C6;&#x1784;&#x1793;&#x17C4;&#x17C7;&#x1791;&#x17C5;&#x1780;&#x17D2;&#x1793;&#x17BB;&#x1784;&#x179A;&#x17BC;&#x1784;&#x1797;&#x17D2;&#x1793;&#x17C6;&#x1798;&#x17BD;&#x1799; &#x17A0;&#x17BE;&#x1799;&#x1780;&#x17CF;&#x179F;&#x17BB;&#x17B8;&#x179F;&#x178F;&#x17D2;&#x179C;&#x1791;&#x17B6;&#x17C6;&#x1784;&#x1793;&#x17C4;&#x17C7;&#x179B;&#x17BE;&#x1780;&#x179B;&#x17C2;&#x1784;&#x178F;&#x17C2;&#x179B;&#x17B8;&#x179B;&#x17B8; &#x17D4; &#x1780;&#x17D2;&#x179A;&#x17C4;&#x1799;&#x1798;&#x1780;&#x179B;&#x17B8;&#x179B;&#x17B8;&#x1780;&#x17CF;&#x179B;&#x17C2;&#x1784;&#x1791;&#x17BB;&#x1780;&#x1785;&#x17B7;&#x178F;&#x17D2;&#x178F;&#x1780;&#x1796;&#x17D2;&#x1787;&#x17D2;&#x179A;&#x17C4;&#x1784;&#x200B; &#x17A0;&#x17BE;&#x1799;&#x179A;&#x17B6;&#x179B;&#x17CB;&#x1796;&#x17C1;&#x179B;&#x178A;&#x17C2;&#x179B;&#x179C;&#x17B6;&#x1785;&#x17C1;&#x1789;&#x1796;&#x17B8;&#x1795;&#x17D2;&#x1791;&#x17C7;&#x179C;&#x17B6;&#x178F;&#x17C2;&#x1784;&#x178F;&#x17C2;&#x1794;&#x17B6;&#x17C6;&#x1784;&#x1786;&#x178F;&#x17D2;&#x179A;&#x17D0;&#x17A0;&#x17BE;&#x1799;&#x1780;&#x17CF;&#x179B;&#x17C2;&#x1784;&#x179A;&#x179C;&#x179B;&#x17CB;&#x1793;&#x17B9;&#x1784;&#x17A2;&#x17D2;&#x179C;&#x17B8;&#x17D7;&#x178A;&#x17C2;&#x179B;&#x1792;&#x17D2;&#x179B;&#x17B6;&#x1780;&#x17CB;&#x1798;&#x1780;&#x1796;&#x17B8;&#x179B;&#x17BE;&#x1798;&#x17C1;&#x1783;&#x1791;&#x17C0;&#x178F;&#x178A;&#x17C2;&#x179A; &#x17D4;</subfield>
  </datafield>
  <datafield tag="520" ind1=" " ind2=" ">
    <subfield code="a">Lyly was pecking at her food when suddenly an acorn fell on her head. She became confused and thought the sky was falling, so she decided to go and tell the King.
On her way, she met Rooster, Goose, and Turkey, and all of them asked to go with her.
Later, she met a fox. The fox used a trick in order to eat them. He led them into a cave and ate all of them except Lily . 
Afterward, Lyly no longer trusted the fox, and whenever she left home, she always stayed alert and was no longer worried about things falling from the sky.</subfield>
  </datafield>
  <datafield tag="521" ind1="8" ind2=" ">
    <subfield code="a">500 
</subfield>
    <subfield code="b">Lexile estimate 
</subfield>
  </datafield>
  <datafield tag="521" ind1="8" ind2=" ">
    <subfield code="a">J 
</subfield>
    <subfield code="b">RAz-Plus 
</subfield>
  </datafield>
  <datafield tag="650" ind1=" " ind2=" ">
    <subfield code="a">&#x1780;&#x17BC;&#x1793;&#x1798;&#x17B6;&#x1793;&#x17CB;&#x179B;&#x17B8;&#x179B;&#x17B8; </subfield>
    <subfield code="v">&#x179A;&#x17BF;&#x1784;&#x1793;&#x17B7;&#x1791;&#x17B6;&#x1793;&#x1780;&#x17BB;&#x1798;&#x17B6;&#x179A;&#x200B;</subfield>
  </datafield>
  <datafield tag="650" ind1=" " ind2=" ">
    <subfield code="a">Lyly the chick </subfield>
    <subfield code="v">Children's Stories </subfield>
  </datafield>
  <datafield tag="942" ind1=" " ind2=" ">
    <subfield code="2">ddc</subfield>
    <subfield code="c">KHB</subfield>
    <subfield code="n">0</subfield>
  </datafield>
  <datafield tag="999" ind1=" " ind2=" ">
    <subfield code="c">9207</subfield>
    <subfield code="d">9207</subfield>
  </datafield>
  <datafield tag="952" ind1=" " ind2=" ">
    <subfield code="0">0</subfield>
    <subfield code="1">0</subfield>
    <subfield code="2">ddc</subfield>
    <subfield code="4">0</subfield>
    <subfield code="7">0</subfield>
    <subfield code="8">KH</subfield>
    <subfield code="a">002</subfield>
    <subfield code="b">002</subfield>
    <subfield code="c">TTP Khmer</subfield>
    <subfield code="d">2025-12-02</subfield>
    <subfield code="l">0</subfield>
    <subfield code="o">ANO PZ7 398.2</subfield>
    <subfield code="p">2025-4999</subfield>
    <subfield code="r">2025-12-02 08:54:00</subfield>
    <subfield code="t">1</subfield>
    <subfield code="w">2025-12-02</subfield>
    <subfield code="y">KHB</subfield>
  </datafield>
  <datafield tag="952" ind1=" " ind2=" ">
    <subfield code="0">0</subfield>
    <subfield code="1">0</subfield>
    <subfield code="2">ddc</subfield>
    <subfield code="4">0</subfield>
    <subfield code="7">0</subfield>
    <subfield code="8">KH</subfield>
    <subfield code="a">002</subfield>
    <subfield code="b">002</subfield>
    <subfield code="c">TTP Khmer</subfield>
    <subfield code="d">2025-12-11</subfield>
    <subfield code="l">0</subfield>
    <subfield code="o">ANO PZ7 398.2</subfield>
    <subfield code="p">2025-5107</subfield>
    <subfield code="r">2025-12-11 09:25:47</subfield>
    <subfield code="t">2</subfield>
    <subfield code="w">2025-12-11</subfield>
    <subfield code="y">KHB</subfield>
  </datafield>
</record>
